Pokémon - Statistiques (10) - Statistiques

Statistiques générales
  • Ce quiz a été pris 30 fois
  • Le résultat moyen est 26 sur 40
Statistiques - réponses
Question Tuile Select % Correct
Quel Pokémon possède la statistique de base en Attaque la plus élevée ? Non
93%
Quel Pokémon possède la statistique de base en Vitesse la plus élevée ? Non
93%
Quel Pokémon possède la statistique de base en PV la plus élevée ? Non
93%
Quel Pokémon possède la statistique de base en Attaque la plus élevée ? Non
90%
Quel Pokémon possède la statistique de base en Vitesse la plus élevée ? Non
90%
Quel Pokémon possède la statistique de base en PV la plus élevée ? Non
86%
Quel Pokémon possède la statistique de base en Attaque Spéciale la plus élevée ? Non
86%
Quel Pokémon possède la statistique de base en Défense Spéciale la plus élevée ? Non
83%
Quel Pokémon possède la statistique de base en Défense Spéciale la plus élevée ? Non
83%
Quel Pokémon possède la statistique de base en Attaque Spéciale la plus élevée ? Non
83%
Quel Pokémon possède la statistique de base en Défense Spéciale la plus élevée ? Non
83%
Quel Pokémon possède la statistique de base en PV la plus élevée ? Non
79%
Quel Pokémon possède la statistique de base en PV la plus élevée ? Non
79%
Quel Pokémon possède la statistique de base en Défense Spéciale la plus élevée ? Non
79%
Quel Pokémon possède la statistique de base en Défense Spéciale la plus élevée ? Non
76%
Quel Pokémon possède la statistique de base en Attaque la plus élevée ? Non
76%
Quel Pokémon possède la statistique de base en Vitesse la plus élevée ? Non
76%
Quel Pokémon possède la statistique de base en Vitesse la plus élevée ? Non
76%
Quel Pokémon possède la statistique de base en Attaque la plus élevée ? Non
76%
Quel Pokémon possède la statistique de base en Défense la plus élevée ? Non
72%
Quel Pokémon possède la statistique de base en Défense la plus élevée ? Non
72%
Quel Pokémon possède la statistique de base en PV la plus élevée ? Non
72%
Quel Pokémon possède la statistique de base en Attaque la plus élevée ? Oui
72%
Quel Pokémon possède la statistique de base en Attaque la plus élevée ? Non
72%
Quel Pokémon possède la statistique de base en Vitesse la plus élevée ? Non
72%
Quel Pokémon possède la statistique de base en PV la plus élevée ? Oui
66%
Quel Pokémon possède la statistique de base en Défense la plus élevée ? Non
59%
Quel Pokémon possède la statistique de base en Vitesse la plus élevée ? Oui
59%
Quel Pokémon possède la statistique de base en Attaque la plus élevée ? Non
59%
Quel Pokémon possède la statistique de base en Défense Spéciale la plus élevée ? Non
59%
Quel Pokémon possède la statistique de base en Vitesse la plus élevée ? Non
52%
Quel Pokémon possède la statistique de base en Défense Spéciale la plus élevée ? Oui
41%
Quel Pokémon possède la statistique de base en PV la plus élevée ? Non
41%
Quel Pokémon possède la statistique de base en Attaque Spéciale la plus élevée ? Non
38%
Quel Pokémon possède la statistique de base en Défense Spéciale la plus élevée ? Oui
34%
Quel Pokémon possède la statistique de base en Vitesse la plus élevée ? Oui
28%
Quel Pokémon possède la statistique de base en Attaque Spéciale la plus élevée ? Oui
21%
Quel Pokémon possède la statistique de base en Attaque la plus élevée ? Oui
21%
Quel Pokémon possède la statistique de base en Défense la plus élevée ? Oui
17%
Quel Pokémon possède la statistique de base en PV la plus élevée ? Oui
14%
Aucun quiz correspondant
Distribution des résultats
% des personnes avec chaque résultat
Percentile par nombre de réponses
Votre historique - résultats
Vous n’avez pas pris ce quiz